| 000 | 00923cam a2200289 a 4500 | ||
|---|---|---|---|
| 001 | 1878189 | ||
| 003 | GBCCL | ||
| 005 | 20241126110344.0 | ||
| 008 | 830727s1984 caua b 001 0 eng | ||
| 010 | _a 83012909 | ||
| 020 | _a0060633158 (v. 1) | ||
| 020 | _a1565635221 | ||
| 020 | _a0060633166 (v. 2 : pbk.) | ||
| 040 |
_aDLC _cDLC _dDLC _dOCoLC _dDLC |
||
| 050 | 0 | 0 |
_aBR142 _b.G66 1984 |
| 082 | 0 | 0 |
_a270 _219 _bGON |
| 100 | 1 |
_aGonzález, Justo L. _9913 |
|
| 245 | 1 | 4 |
_aThe story of Christianity / _cJusto L. González. |
| 250 | _a1st ed. | ||
| 260 |
_aSan Francisco : _bHarper & Row, _cc1984, 2004 |
||
| 300 |
_a2 v. : _bill. ; _c24 cm. |
||
| 504 | _aIncludes bibliographies and index. | ||
| 505 | 1 | _av. 1. The early church to the dawn of the Reformation -- v. 2. The Reformation to the present day. | |
| 650 | 0 |
_aChurch history. _9117 |
|
| 906 |
_a7 _bcbc _corignew _d1 _eocip _f19 _gy-gencatlg |
||
| 942 |
_2ddc _cBK _026 |
||
| 999 |
_c720 _d720 |
||